01038nam a2200229Ia 4500003000900000008004100009020002200050040001600072080002100088111010400109245019900213260005100412300001300463490005900476650002600535700002900561700002900590700002800619942000700647999001700654952013700671IN-BaIIA211028s9999 xx 000 0 eng d a978-81-922926-9-4 cIIA Library a082.2:52bASI-11 aInternational Workshop on Stellar Spectral Libraries (IWSSL 2013)cRhone-Alpes, Franced2013936172 0aProceedings of the international workshop on stellar spectral libraries (IWSSL 2013)bheld in Lyon, Rhone-Alpes, France, October 14 – 17, 2013cedited by H. P Singh, P. Prugniel and I. Vauglin aBengalurubAstronomical Society of Indiac2014 ax, 189p. aAstronomical Society of India conference series; v. 11 aStellar spectra92838 aPrugniel, P., ed.936173 aSingh, H. P., ed.922911 aVauglin, I., ed.936174 cBK c18941d18941 00104070aBANbBANcGENd2014-12-11eANJ g2195.00l0o082.2:52/ ASI-11p19863r2021-11-05v2195.00w2014-12-11yBKGRs. 2195.00